000 01138cam a2200253 4500
008 040930n2004 000 0 eng u
020 _a1842192027
022 _a1478-4971
035 _a(Sirsi) u127572
050 _a333.332
_c18
100 _aGilbertson, Barry
245 2 _aA vision for valuation
260 _aLondon
_bRICS
_c2004
300 _a28p.
_c30cm.
490 _aRICS Leading Edge Series
520 _aThis report looks at developments and trends affecting the nature of and the need for valuation services around the world in the short to medium term. Considers who provides valuation services and discusses the following marketplace dynamics: secured lending; financial reporting; taxation; profitability; and new market dynamics - intangibles, personal property and businesses. Concludes by outlining a vision for valuation. References. View at www.rics.org.
650 _aVALUERS
650 _aVALUATION PROFESSION
650 _aMARKET FORCES
690 _aPROPERTY-PROPERTY APPRAISAL AND VALUATION
700 _aPreston, Duncan
710 _aRoyal Institution of Chartered Surveyors
_94900
942 _n0
999 _c103803
_d103803